000 00527nam a2200181Ia 4500
008 090124s9999 xx 000 0 und d
082 _b112131
100 _aकामतीकर प्रकाश
245 _a स्वप्नगंधा
250 _a1
260 _c1967
300 _a97
600 _aकामतीकर प्रकाश
630 _a स्वप्नगंधा
700 _aकामतीकर प्रकाश
730 _a स्वप्नगंधा
942 _cBOOK
999 _c158222
_d158222